|
|
|
|
| LEADER |
01555nam a2200265 a 4500 |
| 003 |
GR-PaULI |
| 005 |
20190626083733.0 |
| 008 |
021001s2004 gr f 001 gre d |
| 952 |
|
|
|0 0
|1 0
|2 ddc
|4 0
|6 306_300000000000000_TRI
|7 0
|9 233321
|a LISA
|b LISA
|c BSC
|d 2019-06-26
|i 15188
|l 0
|o 306.3 TRI
|p 025000263243
|r 2019-06-26 00:00:00
|t 1
|w 2019-06-26
|y BK15
|
| 999 |
|
|
|c 141531
|d 141531
|
| 020 |
|
|
|a 9600217602
|
| 040 |
|
|
|a GR-PaULI
|b gre
|c GR-PaULI
|d GR-AiPI
|e AACR2
|
| 082 |
0 |
4 |
|a 306.3
|2 23
|
| 100 |
1 |
|
|a Trigilia, Carlo
|9 176407
|e συγγραφέας.
|
| 245 |
1 |
0 |
|a Οικονομική κοινωνιολογία :
|b κράτος, αγορά και κοινωνία στον σύγχρονο καπιταλισμό /
|c Κάρλο Τριτζίλια ; εισαγωγή - επιμέλεια Μιχάλης Ψαλιδόπουλος ; μετάφραση Χρήστος Τσαμπρούνης.
|
| 260 |
|
|
|a Αθήνα :
|b Παπαζήσης,
|c 2004.
|
| 300 |
|
|
|a 439 σ. :
|b πίν. ;
|c 25 εκ.
|
| 500 |
|
|
|a Τίτλος πρωτοτύπου : Economic sociology : state, market, and society in modern capitalism, 2002.
|
| 504 |
|
|
|a Περιλαμβάνει βιβλιογραφία και ευρετήριο.
|
| 650 |
|
4 |
|a Οικονομία
|9 161641
|x Κοινωνικές απόψεις
|
| 650 |
|
4 |
|a Καπιταλισμός
|9 2899
|
| 700 |
1 |
|
|9 47595
|a Ψαλιδόπουλος, Μιχάλης Μ.,
|e επιμελητής.
|d 1950-
|
| 700 |
1 |
|
|9 142214
|a Τσαμπρούνης, Χρήστος
|e μεταφραστής.
|
| 942 |
|
|
|2 ddc
|c BK15
|
| 998 |
|
|
|c ΛΟΥΚΟΠΟΥΛΟΥ
|d 2019-06
|